Sports Quiz

Random Sports Quiz

VM-truppen 2006 Quiz Stats

 Plays Quiz not verified by Sporcle

Challenge
Share
Tweet
Embed
Score 0/23 Timer 08:00
0 Plays Today
Position Namn % Correct
MålvaktAndreas Isaksson
96.6%
AnfallareHenrik Larsson
93.3%
AnfallareZlatan Ibrahimovic
93.2%
FörsvarareOlof Mellberg
86.6%
MittfältareFredrik Ljungberg
83.1%
MittfältareKim Källström
76.9%
MittfältareAnders Svensson
70.8%
FörsvarareTeddy Lucic
60.1%
FörsvarareErik Edman
59.2%
AnfallareMarcus Allbäck
57.2%
MittfältareTobias Linderoth
52.5%
MittfältareChristian Wilhelmsson
48.3%
Position Namn % Correct
FörsvarareMikael Nilsson
46.8%
AnfallareJohan Elmander
45.7%
MittfältareNiclas Alexandersson
44.1%
MittfältareDaniel Andersson
43.9%
MålvaktRami Shaaban
39.4%
FörsvararePetter Hansson
38.9%
AnfallareMarkus Rosenberg
32.5%
MålvaktJohn Alvbåge
25.1%
AnfallareMattias Jonson
22.5%
FörsvarareKarl Svensson
16.8%
FörsvarareFredrik Stenman
13.7%

You're not logged in!

Compare scores with friends on all Sporcle quizzes.
OR
Log In

You Might Also Like...

Show Comments

Extras

Created Nov 17, 2017ReportNominate
Tags:2006, kan, position

Top Quizzes Today


Score Distribution

Your Account Isn't Verified!

In order to create a playlist on Sporcle, you need to verify the email address you used during registration. Go to your Sporcle Settings to finish the process.

Report this User

Report this user for behavior that violates our Community Guidelines.

Details: